Sports Quiz

Random Sports or Football Quiz

Sporting News 50 Greatest NBA Players Quiz Stats

 Plays Quiz not verified by Sporcle

Score 0/50 Timer 07:00
0 Plays Today
Position Player % Correct
SFLeBron James
98.9%
SGKobe Bryant
96.9%
SGDwyane Wade
92.2%
CDwight Howard
90.5%
PFKevin Garnett
90%
PGChris Paul
88.1%
PFTim Duncan
88%
SFPaul Pierce
86.8%
CShaquille O'Neal
86.3%
PGSteve Nash
85.8%
SGRay Allen
84.3%
PFDirk Nowitzki
84%
SFCarmelo Anthony
82.1%
SFKevin Durant
81.9%
PGDeron Williams
81.2%
PFPau Gasol
81.1%
PFChris Bosh
77.5%
PGTony Parker
76.6%
SGJoe Johnson
74.2%
PGJason Kidd
74.2%
PFAmar'e Stoudemire
73.9%
CYao Ming
73.5%
PGDerrick Rose
70.9%
PGRajon Rondo
70.2%
PGChauncey Billups
69.7%
Position Player % Correct
SGTracy McGrady
69.1%
SGVince Carter
68.6%
SGManu Ginobili
66.4%
PFJosh Smith
65.7%
PFCarlos Boozer
63.8%
SGBrandon Roy
61.9%
PGBaron Davis
59.4%
PGGilbert Arenas
58.1%
SFRichard Jefferson
53.1%
SFDanny Granger
51.1%
SFLamar Odom
50.7%
CAndrew Bynum
50.2%
SGMichael Redd
48.5%
PFElton Brand
47%
SFRon Artest
46.4%
SFRudy Gay
45%
PGDevin Harris
44.8%
SGBen Gordon
44.4%
SGAndre Iguodala
44%
CAl Horford
40.2%
SGO.J. Mayo
34.6%
SFHedo Turkoglu
32.1%
CNene
25.9%
SFShane Battier
14.1%
PFCharlie Villanueva
9.6%

You're not logged in!

Compare scores with friends on all Sporcle quizzes.
OR
Log In

You Might Also Like...

Show Comments

Extras

Top Quizzes Today


Score Distribution

Your Account Isn't Verified!

In order to create a playlist on Sporcle, you need to verify the email address you used during registration. Go to your Sporcle Settings to finish the process.

Report this User

Report this user for behavior that violates our Community Guidelines.

Details: